Most Popular Bands Between UG, Flabber and Cringe - Statistics

General Stats
  • This quiz has been taken 19 times
  • The average score is 72 of 117
Answer Stats
Top Song Monthly Listeners Artist/Band % Correct
Tiny Dancer 20,307,000 Elton John
100%
Lose Yourself 42,668,000 Eminem
100%
Billie Jean 21,056,000 Michael Jackson
100%
Purple Rain 8,234,000 Prince
100%
Bohemian Rhapsody 32,338,000 Queen
100%
Let It Be 21,486,000 The Beatles
100%
Back In Black 17,475,000 AC/DC
94%
Good Vibrations 8,192,000 Beach Boys
94%
Piano Man 13,041,000 Billy Joel
94%
Johnny B. Goode 3,475,000 Chuck Berry
94%
Power of Love 3,477,000 Huey Lewis and The News
94%
Don't Stop Beliving 11,250,000 Journey
94%
Poker Face 37,928,000 Lady Gaga
94%
Stairway to Heaven 13,491,000 Led Zeppelin
94%
Another Brick in the Wall 12,593,000 Pink Floyd
94%
Superstition 12,455,000 Stevie Wonder
94%
Hotel California 12,471,000 The Eagles
94%
Every Breath You Take 13,696,000 The Police
94%
Paint It Black 16,622,000 The Rolling Stones
94%
With or Without You 13,860,000 U2
94%
Mamma Mia 11,491,000 ABBA
89%
Dream On 13,804,000 Aerosmith
89%
bad guy 58,598,000 Billie Eilish
89%
White Wedding 5,653,000 Billy Idol
89%
You Give Love a Bad Name 15,916,000 Bon Jovi
89%
Fortunate Sun 12,110,000 Creedence Clearwater Revival
89%
Cocaine 9,494,000 Eric Clapton
89%
Fly Me To The Moon 8,510,000 Frank Sinatra
89%
Tik Tok 13,691,000 Kesha
89%
Numb 17,672,000 Linkin Park
89%
Sweet Home Alabama 9,734,000 Lynyrd Skynyrd
89%
Sweet Caroline 5,327,000 Neil Diamond
89%
Band On The Run 9,883,000 Paul McCartney
89%
Livin' La Vida Loca 10,698,000 Ricky Martin
89%
The Sound of Silence 8,322,000 Simon & Garfunkel
89%
You Really Got Me 5,726,000 The Kinks
89%
I'm a Believer 3,459,000 The Monkees
89%
Baba O'Riley 7,492,000 The Who
89%
Jump 8,529,000 Van Halen
89%
Sharp Dressed Man 5,341,000 ZZ Top
89%
Ironic 5,711,000 Alanis Morissette
83%
More Than a Feeling 5,589,000 Boston
83%
Pour Some Sugar on Me 4,691,000 Def Leppard
83%
Don't Bring Me Down 8,009,000 Electric Light Orchestra
83%
Burning Love 10,765,000 Elvis Presley
83%
Dreams 15,046,000 Fleetwood Mac
83%
Ring of Fire 8,295,000 Johnny Cash
83%
The Joker 5,262,000 Steve Miller Band
83%
Iris 7,184,000 The Goo Goo Dolls
83%
Brown Eyed Girl 8,524,000 Van Morrison
83%
Chattahoochee 3,739,000 Alan Jackson
78%
Don't Fear (The Reaper) 3,763,000 Blue Oyster Cult
78%
September 9,668,000 Earth Wind & Fire
78%
White Rabbit 2,410,000 Jefferson Airplane
78%
Country Roads 6,496,000 John Denver
78%
My Girl 5,968,000 The Temptations
78%
Kryptonite 6,572,000 3 Doors Down
72%
Old Time Rock & Roll 4,512,000 Bob Seger
72%
December 1963 (Oh What a Night) 4,247,000 Frankie Valli and the Four Seasons
72%
Jack & Diane 3,914,000 John Mellencamp
72%
How You Remind Me 8,923,000 Nickelback
72%
Tom Sawyer 3,491,000 Rush
72%
How To Save a Life 7,349,000 The Fray
72%
American Woman 1,952,000 The Guess Who
72%
Centerfold 1,997,000 The J. Geils Band
72%
I'm Not In Love 2,831,000 10cc
67%
If You Leave Me Now 5,833,000 Chicago
67%
Rich Girl 9,106,000 Hall & Oates
67%
Get Down Tonight 3,075,000 KC and the Sunshine Band
67%
Unwell 4,008,000 Matchbox Twenty
67%
Give A Little Bit 5,490,000 Supertramp
67%
Drive 4,409,000 The Cars
67%
Listen to the Music 5,565,000 The Doobie Brothers
67%
Feel like Makin' Love 2,416,000 Bad Company
61%
The Wanderer 1,567,000 Dion
61%
Take Me Home Tonight 2,085,000 Eddie Money
61%
I Can't Help Myself 3,661,000 Four Tops
61%
Hanging By a Moment 4,006,000 Lifehouse
61%
Counting Stars 23,989,000 OneRepublic
61%
Fox On The Run 2,229,000 Sweet
61%
Hold On Loosely 1,367,000 38 Special
56%
Life's Been Good 1,983,000 Joe Walsh
56%
She Wolf 30,329,000 Shakira
56%
Sugar 45,867,000 Maroon 5
39%
All I Have to Do Is Dream 1,549,000 The Everly Brothers
39%
21 Guns 16,055,000 Green Day
33%
I Write Sins Not Tragedies 22,806,000 Panic! At The Disco
28%
Mack the Knife 1,943,000 Bobby Darin
22%
Haven't Met You Yet 7,664,000 Michael Buble
22%
Last Resort 7,320,000 Papa Roach
22%
Her Diamonds 1,418,000 Rob Thomas
22%
Over You 2,526,000 Daughtry
17%
Crazy Train 9,380,000 Ozzy Ozbourne
17%
Breathe Into Me 1,052,000 Red
17%
Rx (Medicate) 3,439,000 Theory of a Deadman
17%
Shambala 1,612,000 Three Dog Night
17%
Let You Down 13,757,000 NF
11%
Fishin In The Dark 1,470,000 Nitty Gritty Dirt Band
11%
Wonderful World 4,405,000 Sam Cooke
11%
Second Chance 4,267,000 Shinedown
11%
Monster 5,007,000 Skillet
11%
Courtesy Call 2,033,000 Thousand Foot Krunch
11%
The Diary of Jane 4,628,000 Breaking Benjamin
6%
Priceless 2,192,000 for KING & COUNTRY
6%
Check Yes Or No 3,571,000 George Strait
6%
Come A Little Bit Closer 1,071,000 Jay & The Americans
6%
I Can Only Imagine 1,582,000 MercyMe
6%
Dare You To Move 1,503,000 Switchfoot
6%
I Hate Everything About You 5,883,000 Three Days Grace
6%
Crimson And Clover 1,140,000 Tommy James and the Shondells
6%
My Own Grave 1,061,000 As I Lay Dying
0%
In The End 1,253,000 Black Veil Brides
0%
Lifesong 1,812,000 Casting Crowns
0%
The Breakup Song 1,231,000 Francesca Battistelli
0%
Die for You 1,868,000 Starset
0%
By Your Side 1,046,000 Tenth Avenue North
0%
Ramblin' Man 3,585,000 The Allman Brother Band
0%
No matching quizzes found
Score Distribution
Percent of People with Each Score
Percentile by Number Answered
Your Score History
You have not taken this quiz